Differential and Riemannian geometry /
Guardado en:
| Autor Principal: | |
|---|---|
| Formato: | Libro |
| Idioma: | English German |
| Publicado: |
New York :
Academic Press,
1965.
|
| Etiquetas: |
Agregar Etiqueta
Sin Etiquetas, Sea el primero en etiquetar este registro!
|
| LEADER | 00568nam a22001695a 4500 | ||
|---|---|---|---|
| 001 | MAT.inmabb001374 | ||
| 008 | 031124s1965####nyu###########000#0#eng#d | ||
| 005 | 20130327122239.0 | ||
| 245 | 1 | 0 | |a Differential and Riemannian geometry / |c by Detlef Laugwitz ; translated by Fritz Steinhardt. |
| 260 | |a New York : |b Academic Press, |c 1965. | ||
| 300 | |a xii, 238 p. ; |c 24 cm. | ||
| 500 | |a Traducción de: Differentialgeometrie. | ||
| 510 | 4 | |a MR, |c 30 #2406 | |
| 100 | 1 | |a Laugwitz, Detlef. | |
| 084 | |a 53-01 (53B20) |2 msc2000 | ||
| 041 | 1 | |a eng |h ger | |
| 859 | |h 53 |i L374 |p A-1626 |b BIB. MATEMATICA | ||
